Bad Dad Jokes! VI Quiz Stats

 Plays Quiz Updated Apr 1, 2019

Score 0/18 Timer 04:00
0 Plays Today
% Correct
He had a few Twix up his sleeve.
95.6%
They're hill areas.
95.2%
My Czech mate.
95%
Hit me right out of the purple.
94.4%
That's the only way she can hear.
94.3%
Trombones.
94.1%
A shovel.
93.6%
One sees you in a while, the other sees you later.
93.4%
It wasn't 'stroganoff'.
93.2%
% Correct
No point in Russian things.
93%
I was raking it in.
92.9%
I couldn't turn it down.
92.7%
They declared it a hummus-cide.
91.1%
I just had a gut feeling about it.
91.1%
It was just the same old grind.
90.6%
It had its prose and cons.
89.6%
Great guy, terrible geologist.
88.8%
Well, the flag is a big plus.
84.9%

You're not logged in!

Compare scores with friends on all Sporcle quizzes.
OR
Log In

Sporcle TV

Today on Sporcle TV


Watch our educational content, quiz creation guides, and fun videos on Sporcle TV.

Show Comments

Extras

Top Quizzes Today


Score Distribution

Your Account Isn't Verified!

In order to create a playlist on Sporcle, you need to verify the email address you used during registration. Go to your Sporcle Settings to finish the process.

Report this User

Report this user for behavior that violates our Community Guidelines.

Details: